Post-colonial Trend, Womens Issues And Search For Identity In The Novels Of Githa Hariharan (Record no. 39112)

MARC details
000 -LEADER
fixed length control field 00532nam a2200193Ia 4500
008 - FIXED-LENGTH DATA ELEMENTS--GENERAL INFORMATION
fixed length control field 220531s9999 xx 000 0 und d
041 ## - LANGUAGE CODE
Language code of text/sound track or separate title eng
082 ## - DEWEY DECIMAL CLASSIFICATION NUMBER
Item number KEI
100 ## - MAIN ENTRY--PERSONAL NAME
Personal name Keisham, R.
9 (RLIN) 69761
245 ## - TITLE STATEMENT
Title Post-colonial Trend, Womens Issues And Search For Identity In The Novels Of Githa Hariharan
250 ## - EDITION STATEMENT
Edition statement 1ST
260 ## - PUBLICATION, DISTRIBUTION, ETC. (IMPRINT)
Place of publication, distribution, etc. New Delhi
Name of publisher, distributor, etc. Sarup
Date of publication, distribution, etc. 2014
300 ## - PHYSICAL DESCRIPTION
Extent 205
542 ## - INFORMATION RELATING TO COPYRIGHT STATUS
Copyright holder 10-04-2015
551 ## -
-- English
-- Non-grant-ENG
650 ## - SUBJECT ADDED ENTRY--TOPICAL TERM
Topical term or geographic name as entry element English
9 (RLIN) 69762
906 ## - LOCAL DATA ELEMENT F, LDF (RLIN)
d 2015-2016
f 7311
Holdings
Withdrawn status Lost status Source of classification or shelving scheme Damaged status Not for loan Collection code Home library Current library Date acquired Vendor Cost, normal purchase price Total Checkouts Total Holds Full call number Barcode Date last seen Bill Date Koha item type Original Barcode
    Dewey Decimal Classification       Shri Siddhivinayak Mahila Mahavidyalaya Shri Siddhivinayak Mahila Mahavidyalaya 20/04/2015 Systems Sales 800.00   1 /KEI/B/20580 SSMM-BK-20580 06/08/2022 06/08/2022 Books 010020580